000 00804nam a2200229 a 4500
001 84235
003 BD-RjUL
005 20241104154242.0
008 241104s2019 bg ||||| |||| 00| 0 ben d
020 _a9848214356
035 _a(BD-RjUL)84235
040 _aBD-RjUL
_beng
_cBD-RjUL
041 _aben
082 _223
_a297
_bSEA 2019
100 _aসিরাজুদৌলা, নবাব
_914108
245 _aআল্লাহর বাণী প্রতিষ্ঠায় যাঁদের অবদান /
_cনবাব সিরাজুদৌলা
260 _aরাজশাহী :
_bইউরেকা বুক এজেন্সী,
_c২০১৯
300 _a১৯২ পৃ.;
_c২২ সেমি.
650 _aইসলাম
650 _aIslam
942 _2ddc
_cBK
999 _c84235
_d84235